El delito de manejar en estado de ebriedad: aspectos penales, criminológicos y médico-legales. Doctrina, jurisprudencia y derecho comparado
Sparad:
| Huvudupphovsman: | |
|---|---|
| Materialtyp: | Bok |
| Språk: | spanska |
| Publicerad: |
Santiago, Chile
Jurídica de Chile
2014
|
| Upplaga: | Tercera edición |
| Ämnen: | |
| Taggar: |
Lägg till en tagg
Inga taggar, Lägg till första taggen!
|
MARC
| LEADER | 00000cam a2200000 a 4500 | ||
|---|---|---|---|
| 001 | UCE5075 | ||
| 003 | CL-VaPUC | ||
| 005 | 20230622162029.0 | ||
| 008 | 141204e20140000cl |||||||||||||||||spa|d | ||
| 999 | |c 357898 |d 357896 | ||
| 020 | |a 9789561023147 | ||
| 040 | |c Pontificia Universidad Católica de Valparaíso | ||
| 082 | 0 | 4 | |a 346.032 SIL 2014 |2 21 |
| 100 | 0 | |a Silva Silva, Hernán Octavio |e autor |9 577580 | |
| 245 | 1 | 3 | |a El delito de manejar en estado de ebriedad: aspectos penales, criminológicos y médico-legales. Doctrina, jurisprudencia y derecho comparado |
| 250 | |a Tercera edición | ||
| 260 | 0 | 3 | |a Santiago, Chile |b Jurídica de Chile |c 2014 |
| 300 | |a 434 páginas | ||
| 583 | |a last modification |c 20141204 15:21:00 |k Rodrigo Vera | ||
| 650 | 0 | |a Accidentes |9 351162 | |
| 650 | 0 | |a Alcoholemia |9 448991 | |
| 650 | 0 | |a Código penal |9 255935 | |
| 650 | 7 | |a ESTADO DE EBRIEDAD |2 CL-VaPUC |9 448993 | |
| 650 | 7 | |a LEY DE ALCOHOLES |2 CL-VaPUC |9 371899 | |
| 942 | |c BK |2 ddc | ||
| 945 | |d 20141204 15:21:00 |a dcastane | ||
| 952 | |0 0 |1 0 |2 ddc |3 erb |4 0 |6 346_032000000000000_SIL_2014 |7 0 |8 A |9 466039 |a BIBDER |b BIBDER |i 5126754 |o 346.032 SIL 2014 |p 5126754 |r 2023-01-25 |t 1 |w 2019-11-23 |y BK |z Catalogado en:20141204 |k DER | ||